Las psicoterapias. (Registro nro. 1122)
[ vista simple ]
| 000 -LEADER | |
|---|---|
| fixed length control field | 00856nam a2200277 a 4500 |
| 008 - CAMPO DE CONTROL (LIBRO) | |
| fixed length control field | 121101s2005 ag ||||| |||| 00| 0 spa d |
| 020 ## - INTERNATIONAL STANDARD BOOK NUMBER | |
| ISBN | 978987165638 |
| 041 ## - CODIGO DE IDIOMA | |
| Código de idioma del texto/pista de sonido o título separado | spa |
| 092 ## - SIGNATURA TOPOGRAFICA DEWEY LOCAL | |
| número de clasificación | 150.195 |
| libristica | 73 |
| sección | RIC |
| 100 1# - ENTRADA PRINCIPAL--NOMBRE PERSONAL | |
| Nombre personal | Ricón, Lía |
| 9 (RLIN) | 682 |
| 245 #4 - TITULO PROPIAMENTE DICHO | |
| Título | Las psicoterapias. |
| Subtítulo y Título paralelo | Pensadas a partir de lo posible / |
| Mención de responsabilidad y remanente de la transcripción de la portada | Lía Ricón |
| 250 ## - MENCION DE EDICION | |
| Mención de edición | 1a ed. |
| 260 ## - PIE DE IMPRENTA | |
| Lugar de publicación, distribución, etc | Buenos Aires: |
| Nombre de la editorial, distribuidor, etc | Editorial Polemos; |
| Fecha de publicación | 2005. |
| 300 ## - DESCRIPCION FISICA | |
| Extension | 214 p. |
| 500 ## - NOTA GENERAL | |
| Nota general | Ricón, L. (2005). Las psicoterapias. Pensadas a partir de lo posible. (1a ed.). Buenos Aires : Polemos. |
| 590 ## - NOTAS LOCALES (RLIN) | |
| Nota local | Donacion Dra. Lia Ricon |
| 653 ## - TÉRMINO INDIZADO - PALABRAS CLAVES | |
| Palabra clave | Psicoterapia |
| 653 ## - TÉRMINO INDIZADO - PALABRAS CLAVES | |
| Palabra clave | Consulta |
| 653 ## - TÉRMINO INDIZADO - PALABRAS CLAVES | |
| Palabra clave | Diagnostico |
| 653 ## - TÉRMINO INDIZADO - PALABRAS CLAVES | |
| Palabra clave | Terapia cognitiva |
| 653 ## - TÉRMINO INDIZADO - PALABRAS CLAVES | |
| Palabra clave | Modelo Freudiano |
| 653 ## - TÉRMINO INDIZADO - PALABRAS CLAVES | |
| Palabra clave | Modelo Psicodramatico |
| 653 ## - TÉRMINO INDIZADO - PALABRAS CLAVES | |
| Palabra clave | Modelo sistemico |
| 653 ## - TÉRMINO INDIZADO - PALABRAS CLAVES | |
| Palabra clave | Psicoterapia existencial |
| 942 ## - ADDED ENTRY ELEMENTS (KOHA) | |
| Source of classification or shelving scheme | Dewey Decimal Classification |
| Item type | Libros |
| Estado de retiro | Existencia | Fuente de clasificación | Estado general | No para prestamo | Colección | Ubicación permanente | ubicación actual | Sala de ubicación | Fecha de adquisición | Total Checkouts | Número de clasificación | Código de barras | Date last seen | Date last borrowed | Número de ejemplar | Price effective from | Koha tipo de elemento (item) | Public note |
|---|---|---|---|---|---|---|---|---|---|---|---|---|---|---|---|---|---|---|
| Dewey Decimal Classification | Non-fiction | Biblioteca Medicina | Biblioteca Medicina | Circulación | 01/11/2012 | 2 | 150.195 73 RIC | 2680 | 02/03/2015 | 02/03/2015 | Ej. 1 | 01/11/2012 | Libros | Donacion Dra. Lia Ricon oct/2012 |